Anything but Australia Quiz Stats

 Plays Quiz Updated May 21, 2016

Challenge
Share
Tweet
Embed
Score 0/31 Timer 06:00
2 Plays Today
% Correct
Argentina
89.2%
Argentina
89.2%
New Zealand
86.5%
New Zealand
86.5%
United Kingdom
84.8%
United Kingdom
84.8%
Austria
84.5%
Azerbaijan
76.4%
Armenia
74.5%
Albania
74.4%
Andorra
74.1%
Angola
72.9%
Algeria
71.4%
Afghanistan
69.3%
Chile
66.2%
Russia (34.7 million carats)
63%
% Correct
Antigua and Barbuda
62.5%
Papua New Guinea
54.9%
Egypt (Cairo)
53.9%
Marshall Islands
52.4%
Denmark (Copenhagen)
52.2%
France
51.7%
Fiji
50.1%
Venezuela (Caracas)
44.8%
Norway
43.6%
Democratic Republic of the Congo (17.7 million carats)
33.7%
Tuvalu
31.8%
Botswana (21.2 million carats)
24.5%
Moldova (Chisinau)
22.9%
Guinea (Conakry)
20.5%
Saint Lucia (Castries)
18.8%

You're not logged in!

Compare scores with friends on all Sporcle quizzes.
Join for Free
OR
Log In

You Might Also Like...

Show Comments

Extras

Top Quizzes Today


Score Distribution

Your Account Isn't Verified!

In order to create a playlist on Sporcle, you need to verify the email address you used during registration. Go to your Sporcle Settings to finish the process.

Report this User

Report this user for behavior that violates our Community Guidelines.

Details: